| 000 | 01346nam a2200277Ia 4500 | ||
|---|---|---|---|
| 999 |
_c39202 _d39202 |
||
| 001 | 5788 | ||
| 003 | GE_BSU | ||
| 005 | 20190514191653.0 | ||
| 008 | 181216s ||||ge |||||||||||||| ||geo|| | ||
| 020 | _a9992861150 | ||
| 040 | _cGE_BSU | ||
| 041 | _ageo | ||
| 080 | _a004.42 მ–65 | ||
| 245 |
_aMICROSOFT EXCEL 2000 დამწყებთათვის / _cტექსტი: რებეკა ჯიპლინი ; თარგმანი: ნონა ივანიშვილი ; რედ.: გოგა დარასელია ; ილ.: ემა დობი. |
||
| 264 |
_aთბილისი : _bელფი, _c2005. |
||
| 300 |
_a64 გვ.; _bილ ; _c19 სმ |
||
| 653 | _aMICROSOFT EXCEL | ||
| 653 | _aინფორმატიკა | ||
| 653 | _aკომპიუტერული პროგრამები. | ||
| 653 | _aსაინფორმაციო ტექნოლოგიები | ||
| 700 |
_aჯიპლინი, რებეკა _eტექსტის ავტორი _91145 |
||
| 700 |
_aივანიშვილი, ნონა _e თარგმანი _91146 |
||
| 700 |
_aდარასელია, გოგა _eრედაქტორი _91147 |
||
| 700 |
_aდობი, ემა _eილუსტრატორი _91148 |
||
| 942 |
_cBK _2udc |
||